Statistiques concernant Départements Français par numéro

Cliquez ici pour prendre le quiz!

Statistiques générales

  • Ce quiz a été pris 3 711 fois
  • Le résultat moyen est 61 sur 101

Statistiques - réponses

NuméroRéponse% Correct
1Ain
99%
2Aisne
96%
3Allier
89%
2ACorse-du-Sud
82%
2BHaute-Corse
82%
13Bouches-du-Rhône
80%
6Alpes-Maritimes
79%
10Aube
79%
11Aude
79%
4Alpes-de-Haute-Provence
78%
5Hautes-Alpes
78%
7Ardèche
77%
8Ardennes
75%
9Ariège
75%
12Aveyron
74%
14Calvados
73%
15Cantal
73%
29Finistère
69%
16Charente
68%
17Charente-Maritime
68%
19Corrèze
68%
22Côtes d'Armor
68%
75Paris
68%
33Gironde
67%
42Loire
67%
18Cher
66%
21Côte-d'Or
66%
25Doubs
66%
30Gard
66%
44Loire-Atlantique
66%
45Loiret
66%
69Rhône
65%
24Dordogne
64%
27Eure
64%
34Hérault
64%
38Isère
64%
23Creuse
63%
26Drôme
63%
32Gers
63%
31Haute-Garonne
63%
43Haute-Loire
63%
36Indre
63%
37Indre-et-Loire
63%
28Eure-et-Loir
62%
35Ille-et-Vilaine
62%
59Nord
60%
39Jura
59%
40Landes
59%
93Seine-St-Denis
59%
50Manche
58%
51Marne
58%
971Guadeloupe
57%
974La Réunion
57%
972Martinique
57%
55Meuse
57%
57Moselle
57%
60Oise
57%
52Haute-Marne
56%
54Meurthe-et-Moselle
56%
973Guyane
55%
46Lot
55%
47Lot-et-Garonne
55%
975Mayotte
55%
74Haute-Savoie
54%
92Hauts-de-Seine
54%
41Loir-et-Cher
54%
49Maine-et-Loire
54%
56Morbihan
54%
62Pas-de-Calais
54%
73Savoie
54%
94Val-de-Marne
54%
83Var
54%
53Mayenne
53%
58Nièvre
53%
61Orne
53%
77Seine-et-Marne
53%
95Val-D'Oise
53%
84Vaucluse
53%
67Bas-Rhin
52%
91Essonne
52%
68Haut-Rhin
52%
64Pyrénées-Atlantiques
52%
78Yvelines
52%
48Lozère
51%
63Puy-de-Dôme
51%
66Pyrénées-Orientales
51%
76Seine-Maritime
50%
65Hautes-Pyrénées
49%
72Sarthe
49%
90Territoire de Belfort
49%
80Somme
47%
89Yonne
47%
71Saône-et-Loire
46%
85Vendée
46%
86Vienne
46%
70Haute-Saône
45%
87Haute-Vienne
45%
81Tarn
45%
82Tarn-et-Garonne
45%
88Vosges
45%
79Deux-Sèvres
40%

Distribution des résultats

Percentile par nombre de réponses

% des personnes avec chaque résultat

Votre développement - résultats

Vous n’avez pas pris ce quiz